000 00936nam a2200241 i 4500
001 169033
003 ES-MaACL
005 20250812062530.0
008 080804s1952 sp f |||| | spa d
080 _a9(=81)(042)
100 1 _aTijan, Pablo.
_9188836
245 1 0 _aProceso de formación de las naciones eslavas /
_cPablo Tijan.
260 _aMadrid :
_bAteneo,
_c1952.
300 _a51 p. :
_b1 lám. ;
_c19 cm.
490 1 _aColección "O crece o muere" ;
_v36
500 _aEl original fue dado a conocer por el autor en el Ateneo de Madrid, en un curso que, con el título de "El mundo eslavo y la cultura europea", dió en el mes de noviembre de 1951.
610 2 7 _aAteneo de Madrid-
_vConferencias-
_y1940-1982.
_91908
651 4 _aPaíses eslavos-
_xHistoria.
_9163461
830 0 0 _aColección "O crece o muere"
_v36
_9183476
852 _aES-MaACL
_jJ-24 (36)
852 _aES-MaACL
_jJ-25 (36)
999 _c169033
_d169033